| 000 | 00605nam a2200193Ia 4500 | ||
|---|---|---|---|
| 005 | 20250923145447.0 | ||
| 008 | 008 250917s9999 xx 000 0 eng d | ||
| 037 | _aTextual | ||
| 040 |
_aDSWL _beng _cDSWL |
||
| 041 |
_aeng _2eng |
||
| 084 |
_azV, N60 _qDSWL |
||
| 245 | 0 |
_aM.V. (Dr. M. Visvesvaray) Birth Centenary Commemoration Volume _cby Visvesvaray Centenary Celebiration Comittee |
|
| 260 |
_aBangalore _bVisvesvaray Centenary Celebiration Comittee _c1960 |
||
| 300 | _a339 p. | ||
| 365 |
_aINR _b18 |
||
| 925 | _g18 | ||
| 942 |
_cTEXL _hzV, N60 |
||
| 999 |
_c1451615 _d1451615 |
||